000 01336nam0a22002891 4500
001 RU\NLR\INFOCOMM_190\5000032838
005 20250613091526.0
035 _a(NLR Aleph) 009111359
090 _a8162650
_c8162650
100 _a20090209d1967 |||y0rusy50 ca
101 0 _afre
102 _aRU
105 _aa ||||000|y
200 1 _aProfilement et sondage magnéto-telluriques
_e[Conférence faite au Séminaire international concernant les méthodes géophysiques de la prospection des minérais et organisé pour les boursiers de l'ONU, spécialistes des pays d'Asie, d'Afrique et de l'Amérique Latine, à Moscou, en juillet 1967]
_fM. N. Berdichevsky
_gMin. de geologie de l'URSS
210 _aΜ.
_d1967
215 _a40 с.
_cграфик.
_d21 см
300 _aНа обл. авт.: M. N. Berditchevsky
309 _aОтпечат. множит. аппаратом
686 _aГн-665
_2rubbk
700 1 _9z02790
_aBerdičevskij
_bM. N.
_gMark Naumovič
_4070
712 0 2 _aOrganisation des Nations Unies
_bSéminaire interrégional concernant les méthodes nouvelles de prospection minière, en soulignant les méthodes géophysiques
_eMoscou
_f1967
_4000
790 1 _9z02700
_aBerdichevsky
_bM. N.
_4070
801 1 _aRU
_bNLR
_c20090209
801 0 _aRU
_bNLR
_gPSBO
852 _aNLR
_jГн01 Д-4/50
942 _cBOOK
980 _aNB